Mariano Marcos State University

University Library System

Demographic characteristics, work values, job characteristics and job satisfaction of the faculty of the Mariano Marcos State University (Record no. 9765)

MARC details
000 -LEADER
fixed length control field 00646nam a22001697a 4500
003 - CONTROL NUMBER IDENTIFIER
control field OSt
005 - DATE AND TIME OF LATEST TRANSACTION
control field 20171010095521.0
008 - FIXED-LENGTH DATA ELEMENTS--GENERAL INFORMATION
fixed length control field 120816t xxu||||| |||| 00| 0 eng d
040 ## - CATALOGING SOURCE
Original cataloging agency MMSU
Transcribing agency ULS
100 ## - MAIN ENTRY--PERSONAL NAME
Personal name Mariano, Irma M.
9 (RLIN) 12206
245 ## - TITLE STATEMENT
Title Demographic characteristics, work values, job characteristics and job satisfaction of the faculty of the Mariano Marcos State University
Statement of responsibility, etc. Irma M. Mariano
260 ## - PUBLICATION, DISTRIBUTION, ETC.
Date of publication, distribution, etc. 1994
300 ## - PHYSICAL DESCRIPTION
Extent xviii, 228 leaves
Dimensions 28 cm.
500 ## - GENERAL NOTE
General note Thesis (Ed.D. Educational Management) -- Mariano Marcos State University-Graduate School, Laoag City
504 ## - BIBLIOGRAPHY, ETC. NOTE
Bibliography, etc. note Bibliography: leaves 131-144
942 ## - ADDED ENTRY ELEMENTS (KOHA)
Source of classification or shelving scheme
Koha item type Thesis/Dissertation
Holdings
Withdrawn status Lost status Source of classification or shelving scheme Damaged status Not for loan Home library Current library Date acquired Total Checkouts Barcode Date last seen Price effective from Koha item type Public note
          REF REF 08/16/2012   307-Gr 10/10/2017 10/10/2017 Thesis/Dissertation Library Use only

© 2023 Mariano Marcos State University. All Rights Reserved.

Powered by Koha